Úvod do ekonometrie s programom EViews
Salvato in:
| Autore principale: | |
|---|---|
| Ente Autore: | |
| Altri autori: | , , , |
| Natura: | Libro |
| Lingua: | slovacco |
| Pubblicazione: |
Bratislava
Letra Edu
2018
|
| Edizione: | 1. vydanie |
| Soggetti: | |
| Tags: |
Nessun Tag, puoi essere il primo ad aggiungerne!!
|
MARC
| LEADER | 00000nam a2200000 4500 | ||
|---|---|---|---|
| 001 | 0246931 | ||
| 005 | 20240502073947.8 | ||
| 020 | |a 978-80-972866-7-5 | ||
| 020 | |a 978-80-972866-8-2 | ||
| 041 | 0 | |a slo | |
| 044 | |a SK | ||
| 245 | 1 | 0 | |a Úvod do ekonometrie s programom EViews |c Adriana Lukáčiková, Martin Lukáčik, Karol Szomolányi ; recenzenti: Veronika Miťková, Marian Reiff |
| 250 | |a 1. vydanie | ||
| 264 | 1 | |a Bratislava |b Letra Edu |c 2018 | |
| 300 | |a 345 s. [26,21 AH] | ||
| 610 | 2 | 0 | |a ekonometria |
| 610 | 2 | 0 | |a analýza ekonometrická |
| 610 | 2 | 0 | |a modely ekonometrické |
| 610 | 2 | 0 | |a modely lineárne |
| 610 | 2 | 0 | |a testovanie hypotéz |
| 610 | 2 | 0 | |a modely dynamické |
| 610 | 2 | 0 | |a modely autoregresné |
| 610 | 2 | 0 | |a korelácia |
| 610 | 2 | 0 | |a prognózovanie |
| 610 | 2 | 0 | |a matice |
| 610 | 2 | 0 | |a EViews |
| 100 | 1 | |a Lukáčiková, Adriana, 1971- | |
| 700 | 1 | |a Lukáčik, Martin, 1974- | |
| 700 | 1 | |a Szomolányi, Karol, 1976- | |
| 700 | 1 | |a Miťková, Veronika | |
| 700 | 1 | |a Reiff, Marian, 1978- | |
| 710 | 2 | |a Ekonomická univerzita v Bratislave. Fakulta hospodárskej informatiky | |